000 01074nam0a22002531 4500
001 rc\4222823
005 20260407223651.0
021 _aRU
_b[61-18998]
035 _a(NLR Aleph) 008459919
090 _a7862779
_c7862779
100 _a20130416d1961 |||y0rusy50 ca
101 0 _arus
102 _aRU
105 _ay z |||||
200 1 _aЗакон Азербайджанской Советской Социалистической Республики о судоустройстве Азербайджанской ССР
_eПринят на пятой сессии Верховного Совета Азерб. ССР пятого созыва
210 _aБаку
_cВерховный Совет АзССР
_c[Азернешр]
_d1961
215 _a35 с.
_d16
606 _aСудоустройство Азербайджанской ССР
_2psbo
740 1 _aАзССР
_tЗаконы и постановления
_9797830
_3RU\NLR\AUTH\8810151563
801 0 _aRU
_bNLR
_gpsbo
801 1 _aRU
_bELAR
_2rusmarc
852 _aNLR
_j61-2/804
942 _cBOOK
980 _aNB